Missing Word: 'The' & 'A' Disney Songs Quiz Stats

 Plays Quiz Updated Jun 6, 2019

Score 0/16 Timer 02:00
0 Plays Today
Song Missing Word % Correct
A Star is _____Born
94.8%
The Siamese _____ SongCat
90.5%
A _____ Is a Wish Your Heart
Makes
Dream
85.4%
The Bare _____Necessities
84.6%
A Girl _____ Fighting ForWorth
84.6%
A _____ New WorldWhole
83.9%
The Phony _____ of EnglandKing
72.3%
A Pirate's _____Life
64.3%
Song Missing Word % Correct
The _____ Star to the RightSecond
59%
The Gospel _____Truth
55.2%
The Wonderful Thing About _____Tiggers
54.9%
The World's Greatest Criminal _____Mind
51.7%
The _____ of Notre DameBells
43.1%
The _____ and the CarpenterWalrus
37.2%
A _____ Like YouGuy
26.7%
The _____ SongMob
24.2%

Today's Daily Dose

You're not logged in!

Compare scores with friends on all Sporcle quizzes.
OR
Log In

Sporcle TV

Today on Sporcle TV


Watch our educational content, quiz creation guides, and fun videos on Sporcle TV.

Show Comments

Extras

Top Quizzes Today


Score Distribution

Your Account Isn't Verified!

In order to create a playlist on Sporcle, you need to verify the email address you used during registration. Go to your Sporcle Settings to finish the process.

Report this User

Report this user for behavior that violates our Community Guidelines.

Details: